Country per Second Letter Quiz Stats

 Plays Quiz Updated Jul 2, 2018

Challenge
Share
Tweet
Embed
Score 0/21 Timer 04:00
1 Play Today
2nd Letter Country % Correct
EGermany, Mexico, ...
96.9%
RBrazil, France, ...
96.3%
OTogo,...
94.7%
UCuba, Turkey, ...
94.1%
NIndia, United States, ...
93.9%
HChina, Ghana, ...
91.1%
IFiji, Libya, ...
88.2%
WRwanda, Switzerland, ...
83.1%
ZAzerbaijan, Uzbekistan, ...
78.3%
CEcuador, Iceland
76.6%
LEl Salvador, Slovakia, ...
75.9%
2nd Letter Country % Correct
PSpain
73.3%
GEgypt, Uganda
70.8%
YCyprus, Kyrgyzstan, ...
70.7%
SeSwatini, Estonia, ...
69.5%
TEthiopia, Italy
68.1%
FAfghanistan
65.9%
MOman
62.7%
JDjibouti
54.4%
QEquatorial Guinea
46.9%
KUkraine
42.2%

You're not logged in!

Compare scores with friends on all Sporcle quizzes.
Join for Free
OR
Log In

You Might Also Like...

Show Comments

Extras

Top Quizzes Today


Score Distribution

Your Account Isn't Verified!

In order to create a playlist on Sporcle, you need to verify the email address you used during registration. Go to your Sporcle Settings to finish the process.

Report this User

Report this user for behavior that violates our Community Guidelines.

Details: